000 00583cam a22002053a 4500
001 40608
003 PGUSA
005 20140828083915.0
008 120829s2012||||xxu|||||s|||||000 | eng d
040 _aPGUSA
_beng
042 _adc
100 1 _aBrandeis, Madeline,
_d1897-1937
245 1 0 _aMitz and Fritz of Germany
_h[electronic resource] /
_cMadeline Brandeis
260 _bProject Gutenberg,
_c2012
506 _aPublic domain in the USA.
516 _aElectronic text
830 0 _aProject Gutenberg
_v40608
856 4 0 _uhttp://www.gutenberg.org/ebooks/40608
942 _cEB
999 _c269861
_d269861